All LOONA songs. - Statistics

General Stats
  • This quiz has been taken 532 times
    468 since last reset
  • The average score is 44 of 66
Answer Stats
Artist Song % Correct
Chuu Heart Attack
95%
Heejin ViViD
92%
Kim Lip Eclipse
91%
Choerry Love Cherry Motion
91%
LOONA Hi High
89%
JinSoul Singing In The Rain
89%
Yves new
88%
Yeojin Kiss Later
87%
LOONA Butterfly
86%
Olivia Hye ft. JinSoul Egoist
86%
ViVi ft. Haseul Everyday I Love You
83%
ODD EYE CIRCLE Girl Front
82%
Go Won One and Only
82%
LOONA So What
82%
LOONA/yyxy love4eva
81%
Hyunjin Around You
80%
Heejin, Hyunjin, Haseul The Carol
80%
Haseul Let Me In
78%
Chuu, Yves Girls' Talk
77%
ODD EYE CIRCLE ODD
77%
ViVi ft. JinSoul Everyday I Need You
75%
Heejin, Hyunjin I'll be there
74%
Go Won, Chuu ft. Kim Lip See Saw
74%
LOONA favOriTe
72%
ODD EYE CIRCLE LOONATIC
72%
Olivia Hye, Go Won ft. Heejin Rosy
71%
Choerry, JinSoul Puzzle
70%
LOONA 1/3 Sonatine
70%
Kim Lip Twilight
70%
Yves D-1
69%
LOONA 1/3 Love and Live
69%
JinSoul, Kim Lip Love Letter
69%
Haseul, Yeojin My Melody
69%
Heejin, Hyunjin My Sunday
68%
LOONA Satellite
67%
LOONA Colors
66%
ODD EYE CIRCLE Sweet Crazy Love
66%
LOONA Stylish
65%
ViVi, Choerry, Yves The Carol 2.0
65%
LOONA/yyxy frozen
63%
LOONA 1/3 Valentine Girl
61%
LOONA 1/3 Love & Evil
60%
ODD EYE CIRLCE Chaotic
59%
ODD EYE CIRLCE Uncover
59%
ODD EYE CIRCLE Starlight
58%
ODD EYE CIRCLE ADD
57%
LOONA 365
56%
LOONA Perfect Love
56%
LOONA XX
56%
LOONA Ding Ding Dong
55%
LOONA 1/3 You and me together
54%
LOONA/yyxy dal segno
53%
LOONA Curiosity
52%
LOONA 1/3 Rain 51db
52%
LOONA Number 1
51%
LOONA 1/3 Fairy Tale
50%
LOONA Oh (Yes I Am)
50%
LOONA/yyxy one way
50%
LOONA Where You At
50%
LOONA/yyxy rendezvous 18.6y
47%
LOONA #
39%
LOONA plusplus (++)
39%
LOONA Heat (9)
33%
LOONA Day and Night
32%
ODD EYE CIRCLE LOONATIC English version
24%
JinSoul As Time Goes
23%
No matching quizzes found
Score Distribution
Percent of People with Each Score
Percentile by Number Answered
Your Score History
You have not taken this quiz since the last reset